000 00694cai a22001815a 4500
001 L145866
008 081117u xxkabdog 000 0 eng d
035 _a(Sirsi) u145866
041 0 _aeng
110 2 _aTrulia
_95651
245 0 0 _aTrulia real estate search
_h[electronic resource]
520 _aResidential real estate search portal for the United States. Also provides access to national statistics, local trends and general opinions and commentary on the North American real estate market.
590 _aKA
651 4 _aUnited States
_y1959-
690 _aPROPERTY-PROPERTY AGENCY
856 4 0 _uhttps://www.trulia.com/
_zView the website free of charge at www.trulia.com...
942 _n0
999 _c120729
_d120729